000 00498nam a2200217Ia 4500
001 149998
003 243643
005 20241227062549.0
008 160304s1977 ||||||||| 000 0 spa d
082 _a335
100 _aBrandt, Willy
_9184400
245 0 _aLa alternativa socialdemócrata
_bcartas y conversaciones
250 _aPrimera edición
260 _c1977.
562 _e1
650 0 _aSocialismo
_91058
942 _cBKM
999 _c149998
_d149998
526 _a4969
526 _a51868
526 _a1697